Statistiques concernant Personnages de Dragon Ball avec 2 indices

Cliquez ici pour prendre le quiz!

Statistiques générales

  • Ce quiz a été pris 281 fois
  • Le résultat moyen est 17 sur 30

Statistiques - réponses

HintRéponse% Correct
Singe, HérosSon Goku
100%
Tueur à gages, (Presque) Vainqueur du tournoi de l'univers 6Hit
84%
Rose, ÉlastiqueBoo
76%
Saiyan Millénaire, Homme qui déteste le plus le hérosBroly
76%
Génie, Possède le Dragon RadarBulma
75%
Chauve, KienzanKrilin
75%
Voyageur du temps, ÉpéisteTrunks
75%
Fierté, PrinceVegeta
75%
Possède un énorme potentiel, Fils du hérosSon Gohan
70%
Possède une transformation dorée, Représente la malveillanceFreezer
67%
Chef d'un Commando d'Élite, Possède la capacité de changer de changer de corpsGinyu
66%
Chauve, MaîtreTortue Géniale
66%
Terrienne, JusticièreVidel
66%
Fils du plus grand méchant de Dragon Ball, VertPiccolo
60%
Saiyan de basse classe, Tue un pauvre fermierRaditz
60%
A développé la technique du Kaïoken et du Genkidama, Grand blagueurMaitre Kaïo
58%
Réincarnation, Lien avec l'antagoniste le plus fort de Dragon Ball ZOob
56%
Bandit du désert, TimideYamcha
55%
Scarabée, Possède les cellules d'à-peu-près tout le mondeCell
54%
Ranger, Possède une soeurC-17
50%
Personnage issu d'un film, Mange des fruits pour gagner en puissanceThalès
50%
Survêtement rose, MèreC-18
47%
Épéiste, Scelle en lui un monstre antiqueTapion
47%
Clonage, Bras multipliéTenshinhan
44%
Petit homme bleu, Souhaite la domination mondialePilaf
43%
Bonbon au café, Humiliation de l'antagoniste le plus fort de Dragon Ball ZVegetto
39%
Sert le petit homme bleu, Mène la résistance humaine face à ZamasuMai
38%
Prends possession des corps, Vengeance envers les SaiyansBaby
30%
Fusion, Humain artificielSuper C-17
26%
Saiyan, Faible et inutileCabbe
22%

Distribution des résultats

Percentile par nombre de réponses

% des personnes avec chaque résultat

Votre développement - résultats

Vous n’avez pas pris ce quiz